000 00661cam a22002293a 4500
001 2702
003 PGUSA
005 20140828083020.0
008 010701s2001||||xxu|||||s|||||000 1 eng d
040 _aPGUSA
_beng
042 _adc
050 4 _aPR
100 1 _aSabatini, Rafael,
_d1875-1950
245 1 4 _aThe Lion's Skin
_h[electronic resource] /
_cRafael Sabatini
260 _bProject Gutenberg,
_c2001
506 _aPublic domain in the USA.
516 _aElectronic text
653 _aGreat Britain -- History -- James III, 1701-1766 -- Fiction
830 0 _aProject Gutenberg
_v2702
856 4 0 _uhttp://www.gutenberg.org/ebooks/2702
942 _cEB
999 _c232035
_d232035